Обзор австро-венгерской печати за 1916 год

Доступно только в Электронных читальных залах Найти на картеНа карте
RUSMARC
00003500nmc2a2200000 x 450
0018299594d-190a-43a5-8287-7c9017953898
00520160809160209.0
100##$a20140505l19161916k l0rusy0189 ca
1010#$arus
102##$aRU
2001#$aОбзор австро-венгерской печати за 1916 год
$j3 октября - 31 декабря 1916 г.
$hЧасть 3
251##$cДело
300##$aДело
801#0$aRU
$bРГИА
$c20140505
$gRCR
801#1$aRU
$bГлавНИВЦ
$c20140505
$2rusmarc
801#2$aRU
$bПБ им. Б.Н. Ельцина
$c20160809
$gRCR
$2rusmarc
850##$aРГИА
852##$aРГИА
$eФедеральное казенное учреждение "Российский государственный исторический архив" (РГИА)
$j27
937##$hРГИА
$d11327344
$aASBIBLIO_SCAN
462#0$100149fe4397-7e63-45b2-96e7-fbaf3aeb9b81
$12001
$aОбзоры русской и иностранной периодической печати
$1251
$cОпись
$1852
$j2
461#0$100170bfa5a4-889e-44db-9b74-75899b008a1e
$12001
$aОбзоры печати, выписки и вырезки из печати (коллекция)
$1251
$cФонд
$1852
$j1470
215##$a590 л.
$d36,5х26 см
371##$aДокумент не является опубликованным и широко распространяемым
105##$ay###
1222#$ad
035##$a8299594d-190a-43a5-8287-7c9017953898
Формат отображения